00993cam a22002531 4500001001300000003000400013005001700017008004100034010001700075035001900092040004700111050002700158082001100185100004700196245006600243260002400309300003100333410006500364501016200429504002900591650002900620651004500649651004500694e 47000022 DLC20260227111233.0800328s1946 dcua f000 0 eng c ae 47000022  a(OCoLC)6138716 aU.S.Office of Education. LibrarycAUdDLC00aL111b.A6 1946, no. 15 a370.191 aBathurst, Effie G.q(Effie Geneva),d1886-10aInter-American understanding and the preparation of teachers. a[Washington,c1946] aiv, 100 p.billus.c23 cm.10aUnited States.bOffice of Education.tBulletin 1946,vno. 15 aCopies 1 and 2 with: Student war loans program / Ralph C. M. Flynt. Washington : U.S. Govt. Print. Off., 1946. Bound together subsequent to publication.5DLC aBibliography: p. 97-100. 0aMulticultural education. 0aUnited StatesxRelationszLatin America. 0aLatin AmericaxRelationszUnited States.